000 00540nam a22002057a 4500
999 _c443066
_d443066
003 UA-OsUOA
005 20191204093945.0
008 191204b un ||||| |||| 00| 0 ukr d
040 _aUA-OsUOA
_bukr
_cUA-OsUOA
_dUA-OsUOA
041 _aukr
080 _a821.161.2
090 _a821.161.2
_bХ98
100 _aХундадзе Н
245 _aНа бистрині
_bроман
_cНодар Хундадзе
260 _aКиїв
_bМолодь
_c1985
300 _a301 с.
650 _a821.161.2
942 _2udc
_cBK
955 _a3